000 00619cab a2200229 4500
001 WB3404-20
008 090401t1998 xxu||||| |||| 00| 0 eng d
035 _a(Sirsi) u83421
041 _aeng
245 _aMoD homes remain empty
260 _c1998
350 _a0
490 _aDaily Telegraph
_v29 January 1998, 15(1)
520 _aAlmost 25% of the houses sold in the disposal of the MoD married quarters estate remain empty.
650 _aEMPTY HOMES
650 _aMARRIED QUARTERS
650 _aMINISTRY OF DEFENCE
650 _aMOD ESTATE
690 _aHOUSING
942 _n0
948 _c29/01/1998
999 _c52689
_d52689